00536nam a2200181Ia 450000500170000000800410001702000230005804000190008104100120010008200170011224500710012926000450020030000100024550400500025565000210030570000180032685000100034420230523105233.0131103s9999 xx 000 0 und d a195669843cRs 2750 aLoreto College aEnglish a330.954bOXF 4aThe Oxford Companion to Economics in IndiacEdited by Kaushik Basu aNew DelhibOxford University Pressc2007 a602p  aIncludes bibliographical references and index aEconomics, India aBasu, Kaushik aLCLIB